| 000 | 00629nam a2200193 a 4500 | ||
|---|---|---|---|
| 005 | 20220520063732.0 | ||
| 008 | 991125s1965 ag 000 0 spa u | ||
| 035 | _aUPN01000003085 | ||
| 049 | _aCG | ||
| 050 | 4 |
_aLB1641 A71 _bS4.3 1965 |
|
| 100 | 1 | _aSecco Ellauri, Oscar | |
| 245 | 1 | 3 |
_aLa antigüedad y la edad media / _cOscar Secco Ellauri. |
| 250 | _a4a ed. | ||
| 260 |
_aBuenos Aires : _bKapelusz, _c1965. |
||
| 300 |
_a429 p. : _bil. |
||
| 500 | _a"De acuerdo con el programa de primer año del ciclo básico y de las escuelas de comercio" | ||
| 650 | 4 |
_aHistoria _xEstudio y enseñanza (Secundaria) _95248 |
|
| 905 | _aLibro | ||
| 999 |
_c3085 _d3085 |
||